Rosice během staletí /

Hlavní autor: Kolek, Antonín, 1895-1983
Jazyk: Čeština
Vydáno: Rosice u Brna : Gloria, 1994
Témata:
Externí odkaz: Digitalizovaný dokument
Fyzický popis: 198 s. : il. ; 21 cm
Knihy
Uloženo v:
LEADER 01102nam a2200277 a 4500
001 000293155
003 CZ BrMZK
005 20160309101506.0
007 ta
008 980115s1994 xr f cze d
040 |a BOA001  |b cze 
080 |a 943.722.3  |2 MRF 
100 1 |a Kolek, Antonín,  |d 1895-1983  |7 jn19981228086  |4 aut 
245 1 0 |a Rosice během staletí /  |c Antonín Kolek 
260 |a Rosice u Brna :  |b Gloria,  |c 1994 
300 |a 198 s. :  |b il. ;  |c 21 cm 
504 |a Obsahuje bibliografii 
500 |a Dostupné též v digitální podobě v aplikaci Kramerius 
653 0 |a Rosice-okres Brno-venkov (Česko) 
856 4 1 |u http://www.digitalniknihovna.cz/mzk/uuid/uuid:367fbd20-e6ad-11e5-bdc9-005056827e52  |y Digitalizovaný dokument  |x NDK 
910 |a BOA001  |b 2-1042.691 
964 |a Rosice-okres Brno-venkov  |x dějiny 
967 |a Rosice  |b Brno-venkov  |c cz-ms 
990 |a BK 
996 7 |b 2610066809  |c 2-1042.691  |l MZK  |r Sklad / do 1 hodiny  |n 50  |p p.v.  |w 000293155  |u 000010  |a 1  |e BOA001  |j MZK50  |s A 
996 6 |b 2610660802  |c 2-1042.691  |l MZK  |r Sklad / do 1 hodiny  |n 11  |p p.v.  |w 000293155  |u 000020  |a 1  |e BOA001  |j MZK50  |s P